[Event "ROM-ch U08"]
[Site "Baile Felix"]
[Date "2017.02.07"]
[Round "7"]
[White "Paraschiv, Calin Andrei"]
[Black "Prencea, Razvan Adrian"]
[Result "0-1"]
[WhiteElo "1046"]
[BlackElo "1001"]
[PlyCount "60"]
[EventDate "2017.02.02"]
[EventType "swiss"]
[EventRounds "9"]
[EventCountry "ROU"]
[SourceTitle "CBM 176 Extra"]
[Source "ChessBase"]
[SourceDate "2017.03.02"]
[SourceVersion "1"]
[SourceVersionDate "2017.03.02"]
[SourceQuality "1"]

1. e4 e5 2. Nf3 Nc6 3. Bc4 Bc5 4. d3 d6 5. Nc3 Bg4 6. Be3 Bxe3 7. fxe3 Nf6 8. 0-0 0-0 9. a3 a6 10. b4 b5 11. Ba2 a5 12. Nd5 Nxd5 13. Bxd5 Qd7 14. a4 Rfb8 15. Bxc6 Qxc6 16. Qc1 axb4 17. axb5 Qxb5 18. c4 Qb6 19. Rb1 Bh5 20. Qe1 Qa5 21. Rf2 c6 22. Rfb2 c5 23. Qh4 Bxf3 24. gxf3 b3 25. Qg3 Qc3 26. Rg2 g6 27. Rgb2 Qxd3 28. Qe1 Qxc4 29. Rd1 Rd8 30. Rxb3 Qxb3 0-1

[Event "ROM-ch U08"]
[Site "Baile Felix"]
[Date "2017.02.06"]
[Round "6"]
[White "Stirbu, Alexandru Matei Gab"]
[Black "Paraschiv, Calin Andrei"]
[Result "1-0"]
[WhiteElo "1001"]
[BlackElo "1046"]
[PlyCount "82"]
[EventDate "2017.02.02"]
[EventType "swiss"]
[EventRounds "9"]
[EventCountry "ROU"]
[SourceTitle "CBM 176 Extra"]
[Source "ChessBase"]
[SourceDate "2017.03.02"]
[SourceVersion "1"]
[SourceVersionDate "2017.03.02"]
[SourceQuality "1"]

1. e4 c5 2. Nf3 Nc6 3. Bc4 g6 4. Ng5 e6 5. d3 Bg7 6. 0-0 Nf6 7. Nd2 0-0 8. Ndf3 d6 9. c3 e5 10. d4 cxd4 11. cxd4 exd4 12. Nxd4 Nxd4 13. Qxd4 h6 14. Nf3 Re8 15. e5 dxe5 16. Qxd8 Rxd8 17. Nxe5 Be6 18. Bxe6 fxe6 19. Nxg6 Rd6 20. Bf4 Rd7 21. Rad1 Rad8 22. Rxd7 Rxd7 23. Ne5 Rd4 24. Be3 Rd8 25. Bxa7 Ne4 26. f3 Bxe5 27. fxe4 Bxb2 28. Rb1 Be5 29. Rxb7 Rd1+ 30. Kf2 Rd2+ 31. Ke3 Rxg2 32. a4 Bxh2 33. a5 Ra2 34. Bb6 Bg1+ 35. Kd3 Ra3+ 36. Kc4 Bxb6 37. axb6 Ra8 38. Rc7 Rd8 39. b7 h5 40. Rc8 Rxc8+ 41. bxc8Q+ Kg7 1-0